Fuentes para el estudio de la hacienda en México : (Record no. 25393)

MARC details
000 -CABECERA
campo de control de longitud fija 00644nam a2200193 a 4500
005 - FECHA Y HORA DE LA ÚLTIMA TRANSACCIÓN
campo de control 20210223121901.0
008 - ELEMENTOS DE LONGITUD FIJA--INFORMACIÓN GENERAL
campo de control de longitud fija 991125s1976 mx 000 0 spa u
035 ## - NÚMERO DE CONTROL DEL SISTEMA
Número de control de sistema UPN01000025393
049 ## - COLECCIÓN
Colección C
050 #4 - SIGNATURA TOPOGRÁFICA DE LA BIBLIOTECA DEL CONGRESO
Número de clasificación Z5074 F25
Número de documento/Ítem L4.3
100 1# - ASIENTO PRINCIPAL--NOMBRE PERSONAL
Nombre de persona Leal, Juan Felipe
9 (RLIN) 28968
245 10 - MENCIÓN DE TÍTULO
Título Fuentes para el estudio de la hacienda en México :
Resto del título 1856-1940 /
Mención de responsabilidad, etc. Juan Felipe Leal, Mario Huacuja R.
260 ## - PUBLICACIÓN, DISTRIBUCIÓN, ETC.
Lugar de publicación, distribución, etc. México :
Nombre del editor, distribuidor, etc. UNAM, Facultad de Ciencias Políticas y Sociales,
Fecha de publicación, distribución, etc. 1976.
300 ## - DESCRIPCIÓN FÍSICA
Extensión 101 p.
440 #0 - MENCIÓN DE SERIE/ASIENTO SECUNDARIO--TÍTULO
Título Bibliografías ;
Designación de volumen o secuencia 1
650 #4 - ASIENTO SECUNDARIO DE MATERIA - TERMINO TEMATICO
Término de materia o nombre geográfico como elemento de entrada AGRICULTURA -
Subdivisión geográfica MEXICO -
Subdivisión de forma BIBLIOGRAFIA
9 (RLIN) 2039
700 1# - ASIENTO SECUNDARIO--NOMBRE DE PERSONAL
Nombre de persona Huacuja R., Mario,
Término indicativo de función/relación coaut.
905 ## - TIPO DE MATERIAL
Tipo de material Libro
Holdings
Estado de retiro Estado de pérdida Fuente del sistema de clasificación o colocación Estado dañado No para préstamo Código de colección Localización permanente Ubicación/localización actual Ubicación en estantería Enumeración/cronología de publicación seriada Total de préstamos Clasificación Código de barras Fecha visto por última vez Número de copia Tipo de ítem Koha
    Library of Congress Classification   Consulta Consulta Bib. Gregorio Torres Quintero Bib. Gregorio Torres Quintero Sala de lectura Sótano -   Z5074 F25 L4.3 37234 31/12/2020 1 Libro